La educación en la historia de México.

שמור ב:
מידע ביבליוגרפי
מחבר ראשי: Vázquez, Josefina Zoraida [et al.], (autor)
פורמט: ספר
שפה:ספרדית
סדרה:(Lecturas de historia mexicana ; no. 7)
נושאים:
תגים: הוספת תג
אין תגיות, היה/י הראשונ/ה לתייג את הרשומה!

MARC

LEADER 00000cam^a2200000uu^4500
001 000470092
005 20250521000000.0
008 050901s1992^^^^^^^^^^^^rd^r^^000^0^spa^d
009 20260310124551.609
022 |a 9681205391 
035 |a FCE 000012875 
035 |a FCE 012653 
037 |a Acervo ITESO - Biblioteca 
041 |a spa 
082 0 4 |a 370.972  |b VAZed 
100 |a Vázquez, Josefina Zoraida,  |e [et al.]  |e (autor) 
245 1 3 |a La educación en la historia de México. 
264 |a México :  |b COLMEX,  |c 1992. 
300 |a 311 p. 
336 |a texto  |b txt  |2 rdacontenido 
337 |a sin mediación  |b n  |2 rdamedio 
338 |a volumen  |b nc  |2 rdasoporte 
440 0 |a (Lecturas de historia mexicana ;  |v no. 7) 
649 |a XX 
650 |a Economía de la educación 
650 |a Cambio de la educación 
650 |a Historiografía 
650 |a Reforma de la educación 
650 |a Educación pública 
650 |a Educación católica 
650 |a Problemas educativos 
650 |a Capacitación 
650 |a Políticas de educación 
650 |a Sistema Lancasteriano 
910 |a Fondo Centro de Estudios Educativos 
920 |a Impresos - Libros 
930 |a Fondos Especiales 
905 |a 133 
901 |a ALE012653  |b IT2  |c CEE  |u 20250521 
901 |a ALE044405  |b IT2  |c CEE  |u 20250521 
901 |a ALE046474  |b IT2  |c CEE  |u 20250521 
902 |a https://opac.biblio.iteso.mx/vufind/Record/000470092